Manual de casos prácticos de ISR 2015 (Registro nro. 163737)

Detalles MARC
000 -LEADER
fixed length control field 01893nam a22002657a 4500
007 - PHYSICAL DESCRIPTION FIXED FIELD--GENERAL INFORMATION
fixed length control field cr|||| ||||
008 - FIXED-LENGTH DATA ELEMENTS--GENERAL INFORMATION
fixed length control field 150408s2015 mx |||||s|||| 00||0 spa d
020 ## - INTERNATIONAL STANDARD BOOK NUMBER
International Standard Book Number 978-607-440-751-8
035 ## -
-- 12659
040 ## - CATALOGING SOURCE
Original cataloging agency vLex
090 ## -
-- 5396
-- 5396
100 1# - MAIN ENTRY--PERSONAL NAME
Personal name Pérez Chavez, José
245 10 - TITLE STATEMENT
Title Manual de casos prácticos de ISR 2015
Medium [Recurso electrónico] /
Statement of responsibility, etc José Pérez Chavez, Raymundo Fol Olguin
256 ## -
-- Servicio en línea
260 ## - PUBLICATION, DISTRIBUTION, ETC. (IMPRINT)
Place of publication, distribution, etc México DF:
Name of publisher, distributor, etc Tax Editores,
Date of publication, distribution, etc 2015
300 ## - PHYSICAL DESCRIPTION
Extent 1 recurso electrónico
500 ## - GENERAL NOTE
General note Mediante el estudio de esta obra, los interesados en el área fiscal estarán en posibilidad de conocer las modificaciones que sufre la Ley del ISR cada año, para así interpretar y aplicar de inmediato las disposiciones que deben atender las personas físicas y morales. Esto último se logra mediante la ejemplificación sencilla de más de 200 casos prácticos que incluyen las disposiciones y variantes que contempla la Ley de referencia. Esta obra va dirigida a las personas que se encargan del cumplimiento de las obligaciones fiscales de las personas físicas y morales, a los contadores que se dedican a dar asesoría fiscal, a los maestros de impuestos, a los estudiantes, y en general a cualquier persona que se interese en la materia fiscal. Es una herramienta indispensable para el contador.
506 1# - RESTRICTIONS ON ACCESS NOTE
Terms governing access Disponible solo en los productos indicados
Authorized users vLex Global
-- vLex Global (Academic Edition, excluding Law Schools)
-- vLex Global (U.S. Academic Edition, Law Schools)
-- vLex Global (U.S. Academic Edition, excluding Law Schools)
-- vLex Global (Academic Edition, Law Schools)
650 04 - SUBJECT ADDED ENTRY--TOPICAL TERM
Topical term or geographic name as entry element Derecho Fiscal
Geographic subdivision México
700 1# - ADDED ENTRY--PERSONAL NAME
Personal name Fol Olguin, Raymundo
740 0# -
-- vLex Libros (Servicio en línea)
856 40 - LOCALIZACIÓN Y ACCESO ELECTRÓNICO
Identificador Uniforme del Recurso (URI/URL) https://app.vlex.com/#/sources/manual-de-casos-practicos-de-isr-2015-12659
942 ## -
-- RAA
999 ## -
-- 163737
-- 163737

No hay ítems disponibles.


CONTACTO


NOSOTROS


SITIOS DE INTERES

coordinacion.biblioteca.biblioteca@unienlinea.mx Misión, Visión y Objetivos Bases de datos
Directorio Bibliotecas Digitales y Repositorios
Normatividad Revistas y artículos
Convenios interbibliotecarios
Boletines



Hecho en México. Universidad Insurgentes (UIN). Todos los derechos reservados 2024. Esta página y sus contenidos pueden ser reproducidos con fines no lucrativos, siempre y cuando no se mutile, se cite la fuente completa y su dirección electrónicas. De otra forma requiere permiso previo por escrito de la institución




2024 Copyright Universidad Insurgentes | www.bibliouin.com.mx